000
00324nam a2200109Ia 4500
008
200302s9999 xx 000 0 und d
100
_a
C R Korhari and Gaurav Garg
245
_a
Research Methodology Methods and Techniques 3rd ed.,
260
_b
New Age International Pvt. Ltd. Publishers
260
_c
2014
300
_a
449 P.,
999
_c
5854
_d
5854